| Поле | Инд. | ПП | Название | Значение |
|---|---|---|---|---|
| Тип записи | a | |||
| Библиографический уровень | b | |||
| 001 | Контрольный номер | RU/IS/BASE/325010836 | ||
| 005 | Дата корректировки | 20200526192508.3 | ||
| 008 | Кодируемые данные | 20100419 | ||
| 040 | b | Код языка каталог. | rus | |
| e | Правила каталог. | PSBO | ||
| 041 | 0_ | a | Код языка текста | rus |
| 084 | a | Индекс другой классификации/Индекс ББК | 83.3(7Мек)5 | |
| 100 | 1_ | a | Автор | Согомонян М. К. |
| q | Полное имя | Согомонян Мариам Кероповна | ||
| 245 | 10 | a | Заглавие | Исторический контекст и культурные топосы в романе Мануэля Пайно-и-Флореса "Бандиты с Рио Фрио" |
| 504 | a | Библиография | Библиогр.: с. 134 | |
| 520 | 0_ | a | Аннотация | Мануэль Пайно-и-Флорес - популярный в XIX в. мексиканский писатель и создатель романа-фельетона "Бандиты с Рио Фрио" (1891 год), по праву считавшегося "энциклопедией" истории, культуры, традиций и обычаев Мексики 1830-х гг. |
| 600 | 14 | a | Персоналии | Пайно-и-Флорес Мануэль |
| 650 | 04 | a | Основная рубрика | история литературы |
| a | Основная рубрика | литературоведение | ||
| a | Основная рубрика | филологические науки | ||
| 653 | 0_ | a | Ключевые слова | "Бандиты с Рио Фрио" |
| a | Ключевые слова | XIX век | ||
| a | Ключевые слова | историческая достоверность | ||
| a | Ключевые слова | исторический контекст | ||
| a | Ключевые слова | культурная жизнь | ||
| a | Ключевые слова | Латинская Америка | ||
| a | Ключевые слова | Мексика | ||
| a | Ключевые слова | общественная жизнь | ||
| a | Ключевые слова | романтизм | ||
| a | Ключевые слова | романы | ||
| a | Ключевые слова | хронотоп | ||
| 773 | 08 | t | Заглавие источника | Вестник Московского университета. Серия 9, Филология |
| d | Дата издания источника | 2009 | ||
| g | Прочая информация | № 4. - С. 125 - 134 | ||
| w | Контрольный № источника | RU/IS/BASE/321796379 | ||
| 901 | t | Тип документа | b |